000 00408nam a22001457a 4500
999 _c371886
_d371886
008 220930b ||||| |||| 00| 0 eng d
040 _aDE-2950
_cDE-2950
041 _ager
100 _aGittner, Günter:
245 _aDas Tagebuch der Lieselotte Gittner /
_cGünter Gittner
260 _a[Frankfurt (Oder)]:
_bEigenverlag,
_c2022
300 _aca. 300 S.
653 _aGittner, Lieselotte
942 _2z
_cB